Science Dictionary/ (Record no. 188320)

MARC details
000 -LEADER
fixed length control field 00616nam a22001937a 4500
005 - DATE AND TIME OF LATEST TRANSACTION
control field 20220518163045.0
010 ## - LCCN (DPL NO)
LC control number ENG-132671
020 ## - INTERNATIONAL STANDARD BOOK NUMBER
International Standard Book Number 9788130912462
Terms of availability 325.00
035 ## - SYSTEM CONTROL NUMBER
System control number EN-116203
037 ## - SOURCE OF ACQUISITION
Source of stock number/acquisition DBAD/PUB
082 ## - DEWEY DECIMAL CLASSIFICATION NUMBER
Classification number 503
245 ## - TITLE STATEMENT
Title Science Dictionary/
Statement of responsibility, etc Edited by John O.E. Clark and William Hemsley
260 ## - PUBLICATION, DISTRIBUTION, ETC. (IMPRINT)
Place of publication, distribution, etc New Delhi
Name of publisher, distributor, etc Viva Books Private Limited
Date of publication, distribution, etc 2011
270 ## - ADDRESS
Address 4737/23, Ansari Road, Daryaganj
City New Delhi
Postal code 110002
Electronic mail address vivadelhi@vivagroupindia.net
300 ## - PHYSICAL DESCRIPTION
Extent 632p.
Dimensions 18cm(pbk)
700 ## - ADDED ENTRY--PERSONAL NAME
Personal name Clark, John O.E.
700 ## - ADDED ENTRY--PERSONAL NAME
Personal name Hemsley, William
942 ## - ADDED ENTRY ELEMENTS (KOHA)
Source of classification or shelving scheme Dewey Decimal Classification
Item type English Books
Classification part 503
Call number suffix SCI
Holdings
Withdrawn status Lost status Not for loan Collection code Home library Current library Date acquired Source of acquisition Cost, normal purchase price Full call number Barcode Copy number Cost, replacement price Koha item type
      Non-fiction Patel Nagar Patel Nagar 18/05/2022 DBAD/PUB 325.00 503 SCI EN-116203 1 325.00 English Books

© Delhi Public Library
Hit Counter
free hit counter